[Event "Candidates sf"]
[Site "Elista"]
[Date "2007.06.01"]
[Round "1.5"]
[White "Adams, Michael"]
[Black "Shirov, Alexei"]
[Result "1/2-1/2"]
[WhiteElo "2734"]
[BlackElo "2699"]
[Annotator "Marin,M"]
[PlyCount "76"]
[EventDate "2007.05.27"]
[EventType "k.o."]
[EventRounds "12"]
[EventCountry "RUS"]
[SourceTitle "CBM 119"]
[Source "ChessBase"]
[SourceDate "2007.08.01"]
[SourceVersion "1"]
[SourceVersionDate "2007.08.01"]
[SourceQuality "1"]

1. e4 e5 2. Nf3 Nc6 3. Bb5 a6 4. Ba4 Nf6 5. Qe2 {Adams did not get much out of
the opening in the 3rd game of the match, where the main line 5.0-0 was played.
Besides, with a favourable score he apparently did not consider it necessary
to take any risky steps.} b5 6. Bb3 Bc5 {Hardly surprising. Shirov has the
Neo-Archangel as one of his main weapons against 1.e4, meaning that he likes
developing his bishop on c5.} 7. d3 d6 8. c3 O-O 9. Bg5 Qe7 10. Nbd2 h6 11. Bh4
{Black has a normal development, but has to remove the unpleasant pin along
the h4-d8 diagonal somehow. This is an eternal problem of the systems based on
...Bc5.} Nd8 $5 {In this specific position, this is a very rare move. However,
the method of unpinning the f6-knight by this regroupment has been known for
more than 100 years and is defining for the so-called Metger variation of the
4 Knights Defence.} (11... g5 $6 {is too risky because after} 12. Nxg5 hxg5 13.
Bxg5 {Black would not have obvious ways of getting rid of the pin.}) ({The
more common answer is} 11... Be6 {, although there are not many really
relevant games with it either. Black's idea is to make the e6-square available
for the queen, which would enable the further expansion based on ...g5 without
fearing the sacrifice.} 12. Bd5 {is more critical.} (12. g4 $5 {might be
dangerous if Black accepts the sacrifice, but if he declines it, White risks
being left with serious kingside weaknesses.} Bxb3 13. axb3 (13. Nxb3 Bb6 14.
g5 hxg5 15. Bxg5 Qe6 {is also quite comfortable for Black.}) 13... Qe6 14. g5
Nh7 15. gxh6 Qxh6 16. O-O-O a5 {Suddenly, it appears that Black's threats are
more concrete.} 17. Kc2 a4 18. Ra1 axb3+ 19. Nxb3 Bb6 20. Bg3 Qe6 21. h4 Rxa1
22. Rxa1 f5 $15 {Sitnikov,D (2430)-Belozerov,A (2518)/Tomsk 2006 (0-1, 38).
Black has more space in the centre and the better pawn structure.}) 12... Bd7 (
12... Bxd5 $2 13. exd5 Nb8 14. d4 $36) 13. Nf1 g5 14. Bxc6 (14. Nxg5 Nxd5 15.
Nf3 Qe6 16. exd5 Qxd5 {Yudovich}) 14... Bxc6 15. Bg3 (15. Nxg5 hxg5 16. Bxg5
Qe6 $17) (15. Ng3 gxh4 16. Nxh4 Qe6 17. Nhf5 Kh7 {and White cannot create
strong threats too easily, meaning that his compensation is questionable.})
15... Kh7 16. N3d2 $6 (16. Ne3 $1 {, as suggested by Yudovich, is the critical
continuation and might be a good reason not to play 11...Be6.}) 16... Qe6 17.
h4 g4 18. h5 d5 $15 {Gurgenidze,B-Spassky,B/Soviet Union 1967/MCD (1/2-1/2, 57)
. Black's kingside is well defended and he has an active position in the
centre.}) 12. d4 {A logical reaction. Black has released his pressure in the
centre and White immediately occupies this area of the board. However, the
tempo lost by White (d2-d3-d4) offers Black good chances of maintaining the
balance even.} Bb6 13. dxe5 {It seems that White cannot maintain the tension
in the centre for too long, which reduces the merits of his previous move.} ({
In case of} 13. O-O Ne6 {White has problems maintaining his advantage in space,
too:} 14. dxe5 $6 ({After} 14. Bxe6 Qxe6 {the pair of bishops offers Black
good play, despite the slightly unnatural placement of his queen.}) (14. Qe3
Bb7 {leaves White pinned and hanging.}) 14... Nf4 15. Qe1 dxe5 $15) (13. Bg3 {
allows Black obtain strong counterplay against the central pair of pawns with}
exd4 14. cxd4 Bb7 $132) 13... dxe5 14. Bg3 {Again, the only way to prevent
Black's optimal regroupment with ...Ne6. At least for a while...} Nd7 $146 {
Probably the most consistent move. Black only needs two preparatory moves to
enable ...Ne6.} ({The immediate} 14... Ne6 {, implying a pawn sacrifice, is
quite interesting. After} 15. Nxe5 Bb7 16. O-O Rad8 17. Rad1 c5 {Black's
development is more harmonious, but not everybody is ready to give up a pawn
for such abstract compensation. In the only game where this experiment was
tried, Black was doing quite fine:} 18. Kh1 c4 19. Bc2 Bc7 20. Ng4 Nxg4 21.
Qxg4 Bxg3 22. Qxg3 Nc5 23. b3 Nd3 24. Qe3 Qe5 25. bxc4 Qxc3 26. Bb3 b4 $44 {
Galdunts,S (2450)-Mainka,R (2530)/Recklinghausen 1995/EXT 97 (1/2-1/2, 44).
and Black's compensation has taken quite concrete forms.}) (14... Nc6 {is
somewhat unnatural: Black has simply lost two tempi with his knight. However,
one of the tempi is compensated for by the slow way in which White has
occupied the centre, while the voluntary bishop retreat to g3 can also be
considered as some sort of concession.} 15. O-O ({In fact, the critical line is
} 15. Bd5 Bd7 16. Bxc6 Bxc6 17. Nxe5 Bb7 {when, optically speaking, Black has
adequate compensation for the pawn, but concretely this might be not 100%
clear.}) 15... Nh5 16. Bd5 Nxg3 17. hxg3 Bd7 18. a4 Rab8 19. axb5 axb5 20. Rfd1
Qf6 21. Nf1 Rfd8 22. Ne3 Ne7 23. Rd2 c6 24. Bb3 Be6 $11 {Voigt,R (2380)
-Sebastian,D (2360)/Germany 2004/CBM 100 ext (1/2-1/2, 37). Black has
regrouped in an optimal way, covering all the important squares and has very
little to fear.}) 15. O-O Qf6 {It is obvious now that White cannot prevent ...
Ne6 for too long.} 16. a4 Rb8 17. axb5 axb5 18. Rfd1 Ne6 19. Nf1 Nf4 20. Bxf4
Qxf4 {Black has carried out a strategically favourable exchange, but still
needs to complete his development before claiming complete equality.
Fortunately for him, White's position is not active enough to generate
concrete threats.} 21. g3 {The only way to prepare the next move, but the
weakness of the f3-square will soon make itself felt.} (21. Ng3 $6 Nc5 22. Bd5
Bg4 {/\Bxf3.}) 21... Qf6 22. Ne3 Bxe3 23. Qxe3 Nc5 $1 {By means of this simple
trick, Black solves his problems of development.} 24. Bc2 ({In the event of} 
24. Qxc5 $2 Qxf3 {, the only reasonable way to parry ...Bh3 followed by mate
is the far from appealing} 25. Qe3 $8 $15) 24... Bg4 25. Kg2 b4 $11 {Black has
eliminated his last remaining problem: the relative weakness of the b-pawn.
Since White cannot take advantage of the apparently hanging situation of
Black's minor pieces, the position is just equal.} 26. Rd5 Nd7 27. h3 Be6 28.
Rda5 Rfc8 29. Bd3 bxc3 30. bxc3 Rb2 31. Rb1 Rxb1 32. Bxb1 Rb8 33. Ba2 Bxa2 34.
Rxa2 Qc6 35. Ra5 Rb5 36. Rxb5 Qxb5 37. Qd2 Qc6 38. Qd3 g6 1/2-1/2

[Event "Baku FIDE GP"]
[Site "Baku"]
[Date "2014.10.03"]
[Round "2"]
[White "Dominguez Perez, Leinier"]
[Black "Tomashevsky, Evgeny"]
[Result "1/2-1/2"]
[WhiteElo "2751"]
[BlackElo "2701"]
[Annotator "Marin,M"]
[PlyCount "200"]
[EventDate "2014.10.02"]
[EventType "tourn"]
[EventRounds "11"]
[EventCountry "AZE"]
[EventCategory "21"]
[SourceTitle "CBM 163"]
[Source "ChessBase"]
[SourceDate "2014.11.11"]
[SourceVersion "1"]
[SourceVersionDate "2014.11.11"]
[SourceQuality "1"]

1. e4 e5 2. Nf3 Nc6 3. Bb5 a6 4. Ba4 Nf6 5. O-O Be7 6. d3 b5 7. Bb3 d6 8. a3
O-O 9. Nc3 Na5 10. Ba2 Be6 11. b4 ({Even though White was succesful with} 11.
Bxe6 fxe6 12. b4 {in Caruana,F (2801)-Aronian,L (2805) Saint Louis 2014 CBM
162 [Havasi,G] (1-0, 50), Dominguez is not willing to concede the control of
the d5-square so easily.}) 11... Bxa2 ({Black decides to release the tension
himself, since after} 11... Nc6 12. Nd5 {the central knight would be a bit
annoying.}) 12. Rxa2 Nc6 13. Bg5 ({Here, too, the knight move} 13. Nd5 {
deserves to be considered.}) 13... Qd7 14. Bxf6 Bxf6 15. Nd5 a5 $146 {Black
does not consider it necessary to prevent the exchange on f6, evaluating that
the doubled pawns would not be easy to block. His higher priority is the fight
for the a-file.} ({After} 15... Bd8 16. a4 {White was the first one to set up
pressure along the rook file in Anand,V (2785)-Aronian,L (2804) Bilbao 2014 (1/
2-1/2, 34)}) 16. Nxf6+ gxf6 17. Rb2 axb4 18. axb4 f5 {The first of the doubled
pawns has broken the blockade, but for the second one this will be impossible.}
19. Nh4 $1 f4 20. Nf5 Kh8 21. d4 {White retains the slighly more pleasant
position due to his better structure and advantage in the centre.} f6 22. Qd3
Ne7 23. Nxe7 Qxe7 24. Qxb5 exd4 25. Qd3 Qe5 26. b5 Rfe8 27. b6 cxb6 28. Rxb6
Rac8 29. Rb4 Rc3 30. Qxd4 Rxc2 31. Qd1 Rc3 32. f3 Qc5+ 33. Qd4 Rc2 34. Kh1 Qg5
35. Rg1 Rg8 36. Rb2 Rxb2 37. Qxb2 Qe5 38. Qc1 f5 39. exf5 Qxf5 40. Rd1 Qf6 41.
h3 Qg5 42. Qd2 Rg6 43. Ra1 Kg7 44. Ra5 Qh4 45. Ra4 Rf6 46. Qe2 Qh5 47. Qe7+ Qf7
48. Qd8 Qg6 49. Re4 Kh6 50. Re8 Qg5 51. Re7 Qf5 52. Rb7 Qg6 53. Qe7 Rf5 54.
Qh4+ Qh5 55. Qd8 Qg6 56. Qe7 Rf6 57. Kg1 Rf5 58. Qh4+ Qh5 59. Qd8 Qg6 60. Qh4+
Qh5 61. Qd8 Qg6 62. Qe7 Rf6 63. Rb4 Qg7 64. Qe1 Qg5 65. Kh1 Rg6 66. Qd2 Rf6 67.
Rd4 Kg7 68. Rd5 Qg6 69. Rb5 Qf7 70. Rg5+ Rg6 71. Ra5 Rf6 72. Qd4 Qg6 73. h4 Kh6
74. Rg5 Qf7 75. Rg4 Qf8 76. Kh2 Rf5 77. Kh3 Qf6 78. Qd2 Qe6 79. Qc3 Qf6 80. Qc1
Kh5 81. Qc8 Kh6 82. Qg8 Rc5 83. Qa8 Rc1 84. Kh2 Rc5 85. Qa4 Rf5 86. Kh3 Kh5 87.
Qe4 Kh6 88. Qd3 Rh5 89. g3 Rf5 90. Rg8 Rh5 91. Qe4 d5 92. Qe8 Re5 93. Qb8 fxg3
94. Kxg3 Re1 95. Qf4+ Qxf4+ 96. Kxf4 Kh5 97. Rg5+ Kxh4 98. Rxd5 Re8 99. Rd7
Rf8+ 100. Ke4 Re8+ 1/2-1/2

[Event "Baku FIDE GP"]
[Site "Baku"]
[Date "2014.10.02"]
[Round "1"]
[White "Nakamura, Hikaru"]
[Black "Svidler, Peter"]
[Result "1/2-1/2"]
[WhiteElo "2764"]
[BlackElo "2732"]
[Annotator "Marin,M"]
[PlyCount "63"]
[EventDate "2014.10.02"]
[EventType "tourn"]
[EventRounds "11"]
[EventCountry "AZE"]
[EventCategory "21"]
[SourceTitle "CBM 163"]
[Source "ChessBase"]
[SourceDate "2014.11.11"]
[SourceVersion "1"]
[SourceVersionDate "2014.11.11"]
[SourceQuality "1"]

1. e4 e5 2. Nf3 Nc6 3. Bb5 a6 4. Ba4 Nf6 5. O-O Be7 6. d3 d6 7. c3 O-O 8. Re1
Re8 9. Nbd2 Bf8 10. Nf1 h6 11. Ng3 b5 12. Bc2 d5 {Only this way can Black take
advantage of the bishop's retreat directly to c2.} ({If he keeps regrouping,
White could get the usual Ruy Lopez structure with advantage in the centre.} 
12... g6 13. a4 Rb8 14. d4 Bg7 15. axb5 axb5 16. h3 Bd7 17. Be3 $14 {The
bishop on c2 is very useful now, it is keeping the e4-pawn safely defended,
Ponomariov,R (2727)-Tomashevsky,E (2736) Sochi 2012 (1/2-1/2, 38)}) 13. Qe2 Be6
14. h3 d4 15. cxd4 $146 {White decides to delay the natural exchange of the
already passive bishop with Bc2-b3, but this will not offer him anything
special.} (15. Bb3 Qd7 16. Bxe6 Rxe6 17. cxd4 Nxd4 18. Nxd4 Qxd4 19. Be3 Qd7
20. Rac1 Rd8 $13 {Horvath,A (2530)-Almasi,Z (2707) Bastia 2013 (1/2-1/2, 126)})
15... Nxd4 16. Nxd4 Qxd4 17. Qf3 Nd7 18. Ne2 Qc5 19. Nc3 Rad8 20. a3 g6 21. Be3
Qe7 22. b4 c5 23. Reb1 Rc8 24. Bd2 Red8 25. Bb3 Bxb3 26. Rxb3 Qe6 27. Rbb1 Kg7
28. Nd5 Nb6 29. Nxb6 Qxb6 30. Be3 Qe6 31. bxc5 Bxc5 32. a4 1/2-1/2

[Event "RUS-ch Superfinal"]
[Site "Moscow"]
[Date "2006.12.04"]
[Round "2"]
[White "Nepomniachtchi, Ian"]
[Black "Khairullin, Ildar"]
[Result "0-1"]
[WhiteElo "2545"]
[BlackElo "2543"]
[Annotator "Marin,M"]
[PlyCount "116"]
[EventDate "2006.12.03"]
[EventType "tourn"]
[EventRounds "11"]
[EventCountry "RUS"]
[EventCategory "15"]
[SourceTitle "CBM 116"]
[Source "ChessBase"]
[SourceDate "2007.02.01"]
[SourceVersion "1"]
[SourceVersionDate "2007.02.01"]
[SourceQuality "1"]

1. e4 e5 2. Nf3 Nc6 3. Bb5 a6 4. Ba4 Nf6 5. Qe2 {The so-called "Worrall
Attack" is basically a positional line. However, thanks to Tiviakov's efforts,
White has found ways to display some aggresivity as well.} Be7 ({The main
alternative is} 5... b5 {, forcing the bishop to retreat to b3, where it will
be slightly exposed. The drawback of this move is that after} 6. Bb3 Be7 {
White can start undermining the black queenside with} 7. a4 {although after} b4
{the position is about equal anyway.}) 6. c3 b5 7. Bc2 $5 {Hoping to take
advantage of the move order chosen by Black. The bishop is less active, but
also safer on c2.} d6 8. d4 exd4 9. Nxd4 $5 {White plays for piece activity
mainly.} ({The strategically more consistent} 9. cxd4 {offers Black
counterplay in the centre after} Bg4 {[%csl Gd4] for instance>} 10. Be3 (10.
Qe3 $5 $13 {Tiviakov}) 10... d5 11. e5 Bb4+ 12. Kf1 Ne4 13. a3 Ba5 14. Bd3 f5
15. Qc2 Qd7 16. h3 Bh5 17. Nbd2 O-O $15 {Levitina,I (2280)-Akhmilovskaya,E 
(2295)/Moscow 1979/MCD (0-1, 29)}) 9... Bb7 10. Nf5 {White is playing for
attack.} ({The apparently more modest} 10. O-O {deserves attention.} O-O 11. a4
Re8 12. Nf5 (12. axb5 Nxd4 13. cxd4 axb5 14. Rxa8 Qxa8 $132 {[%csl Ye4]}) 12...
Bf8 13. Bg5 h6 14. Bxf6 Qxf6 15. axb5 Qxf5 16. bxc6 Bxc6 17. Re1 Qd7 18. Nd2
$14 {White-s more compact pawn structure offers him some long term but minimal
advantage. However, Black should be able to hold his own because of his pair
of bishops, Socko,B (2485)-Dubiel,J (2360)/Lubniewice 1995/EXT 97 (1-0, 26)})
10... O-O 11. Bg5 {White has displayed his pieces actively, but is slightly
behind in development. This is probably a crucial moment for the assessment of
the whole variation.} Nd7 $5 $146 {Being slightly ahead in development, Black
is interested in exchanging White's active pieces.} (11... Re8 12. Nd2 Bf8 {
is rather slow and allows White to get castled and obtain attacking chances.}
13. O-O-O h6 (13... Ne5 14. g4 c5 15. f4 Ned7 16. Rhg1 Qa5 17. Bxf6 Nxf6 18. g5
Nd7 19. Nh6+ $1 $40 {Tiviakov,S (2590)-Iuldachev,S (2525)/Jakarta 1997/CBM 058
ext (1-0, 25)}) 14. Be3 Ne7 15. Ng3 Qc8 16. f4 Ng6 17. h4 Ng4 18. h5 Nxe3 19.
Qxe3 $16 {Tiviakov,S (2655)-Yemelin,V (2500)/Elista 1995/CBM 050/[Hecht] (0-1,
69)}) 12. h4 {A very ambitious move, which neglects the development of the
queenside, however.} (12. Nxe7+ Nxe7 13. Nd2 {would be a more simplistic
approach, but Black would have good counterplay after} Qe8 14. O-O-O f5 15.
Rhe1 f4 {[%csl Ge5][%cal Ye7g6]}) 12... Bf6 $1 ({Black has no reasons to
complicate his life with} 12... Bxg5 13. hxg5 Qxg5 14. Nd2 $44 {[%csl Yh7]
[%cal Re1c1]}) 13. Nd2 b4 {After activating his bishop, Black puts the enemy
queenside under pressure, inhibiting White's long castle.} 14. Rh3 Kh8 15. f4 {
With his king in the centre and his rooks not connected, White's attack is
less afficient.} bxc3 16. bxc3 Ne7 17. Rb1 Bc6 $11 {Black has a solid position
with chances for counterplay in the centre.} 18. Bxf6 Nxf6 19. Nd4 Bd7 20. e5
Nfd5 21. Rh1 Nxf4 22. Qe4 Neg6 23. h5 dxe5 24. hxg6 fxg6 25. Nc6 Bxc6 26. Qxc6
Qg5 27. Be4 Rad8 28. Rb2 Rd6 29. Qxc7 Rfd8 30. Nf1 Ne6 31. Qb8 Rd1+ 32. Kf2
Qf4+ 33. Bf3 Rxb8 34. Rxb8+ Rd8 35. Rxd8+ Nxd8 36. Ng3 h6 37. Ne4 Ne6 38. Re1
Kh7 39. g3 Qf8 40. Re2 Qc8 41. Bg4 Qc4 42. Bxe6 Qxe6 43. Ke3 a5 44. Rd2 a4 45.
Nd6 Qh3 46. Ne4 Qf1 47. Re2 g5 48. c4 Qc1+ 49. Kd3 Qd1+ 50. Nd2 Qg1 51. Re3 Qa1
52. Re2 Qxa2 53. Rxe5 Qa3+ 54. Kc2 Qxg3 55. Re6 Qf2 56. Re5 g4 57. c5 Qd4 58.
Rf5 Kg6 0-1

[Event "Dortmund SuperGM 41st"]
[Site "Dortmund"]
[Date "2013.07.27"]
[Round "2"]
[White "Leko, Peter"]
[Black "Caruana, Fabiano"]
[Result "1/2-1/2"]
[WhiteElo "2737"]
[BlackElo "2796"]
[Annotator "Marin,M"]
[PlyCount "55"]
[EventDate "2013.07.26"]
[EventType "tourn"]
[EventRounds "9"]
[EventCountry "GER"]
[EventCategory "19"]
[SourceTitle "CBM 156"]
[Source "ChessBase"]
[SourceDate "2013.09.17"]
[SourceVersion "1"]
[SourceVersionDate "2013.09.17"]
[SourceQuality "1"]

1. e4 e5 2. Nf3 Nc6 3. Bb5 a6 4. Ba4 Nf6 5. O-O Be7 6. d3 b5 7. Bb3 d6 8. a3
O-O 9. Nc3 Be6 (9... Bb7 {was played in the crucial Carlsen,M (2872)-Svidler,P
(2747)/London 2013 (0-1, 48)}) 10. Nd5 Nd4 (10... Na5 {Leko,P (2744)
-Kasimdzhanov,R (2709)/Zug 2013/CBM 154 (1/2, 51)}) 11. Nxd4 (11. Nxe7+ Qxe7
12. Nxd4 exd4 {Ivanchuk,V (2755)-Svidler,P (2769)/Thessaloniki 2013 (0-1, 41)})
11... exd4 12. Nxf6+ Bxf6 13. Bxe6 fxe6 14. Qg4 $146 (14. a4 {Anand,V (2783)
-Svidler,P (2747)/Paris/St Petersburg 2013/CBM 154 (1/2, 35)}) 14... Qc8 15. f4
e5 16. f5 c5 17. Bg5 Kh8 18. Rf3 {The structure certainly looks interesting,
but Black's counterplay seems to be just enough for a draw.} c4 19. Rh3 Bxg5
20. Qxg5 Rf6 21. g4 cxd3 22. cxd3 Qc2 23. Rc1 Qe2 24. Rc7 Qe1+ 25. Kg2 Qe2+ 26.
Kg1 Qe1+ 27. Kg2 Qe2+ 28. Kg1 1/2-1/2